[Event "AUTO-OPEN-3528"]
[Site "http://www.queenalice.com/game.php?id=1377967"]
[Date "2015.8.17"]
[Round "1"]
[White "Constante"]
[Black "patrclo"]
[Result "1-0"]
[WhiteElo "2275"]
[BlackElo "2135"]

1. e4 c5 2. Nf3 Nc6 3. c3 d5 4. e5 Bg4 5. Be2 e6 6. d4 Bxf3 7. Bxf3 cxd4 8. cxd4
Qb6 9. O-O Nge7 10. Nc3 Nf5 11. Be3 Qxb2 12. Ne2 Qa3 13. Bc1 Qa6 14. Bb2 Be7 15.
Bg4 O-O 16. Bxf5 exf5 17. Nf4 Rad8 18. a3 Rd7 19. Qf3 1-0

[Event "AUTO-OPEN-3528"]
[Site "http://www.queenalice.com/game.php?id=1377968"]
[Date "2015.8.17"]
[Round "1"]
[White "patrclo"]
[Black "Constante"]
[Result "0-1"]
[WhiteElo "2127"]
[BlackElo "2283"]

1. d4 Nf6 2. c4 e6 3. Nc3 Bb4 4. Qc2 c5 5. e3 Nc6 6. Nf3 O-O 7. Bd3 b6 8. a3
Bxc3+ 9. bxc3 Ba6 10. e4 d6 11. e5 dxe5 12. dxe5 Ng4 13. Bf4 f5 14. exf6 Nxf6
15. O-O Qd7 16. Rad1 Qf7 17. Ng5 Qe7 18. Bd6 Qb7 0-1

[Event "AUTO-OPEN-3528"]
[Site "http://www.queenalice.com/game.php?id=1377987"]
[Date "2015.8.17"]
[Round "1"]
[White "TITAN10"]
[Black "patrclo"]
[Result "0-1"]
[WhiteElo "1869"]
[BlackElo "2225"]

1. e4 c5 2. Nf3 Nc6 3. d4 cxd4 4. Nxd4 g6 5. c3 Bg7 6. Be2 Nf6 7. Bd3 O-O 8. O-O
d5 9. Re1 Nxd4 10. cxd4 dxe4 11. Bxe4 Nxe4 12. Rxe4 Bf5 13. Re2 Bg4 14. f3 Qxd4+
15. Qxd4 Bxd4+ 16. Be3 Bxe3+ 17. Rxe3 Be6 18. Nc3 Rfe8 19. Rd1 a6 20. Kf2 Rad8
21. Red3 Rxd3 22. Rxd3 Kf8 23. g4 h6 24. b3 Rc8 25. Ke3 b5 26. Kd2 Ke8 27. Ne2
Rd8 28. Rxd8+ Kxd8 29. Nd4 Bd5 30. Ke3 e5 31. Ne2 Ke7 32. Nc3 Bc6 33. h4 f5 34.
Ne2 b4 35. Nc1 Bb5 36. gxf5 gxf5 37. Kf2 Ke6 38. Ke3 Kd5 0-1

[Event "AUTO-OPEN-3528"]
[Site "http://www.queenalice.com/game.php?id=1377988"]
[Date "2015.8.17"]
[Round "1"]
[White "patrclo"]
[Black "TITAN10"]
[Result "1-0"]
[WhiteElo "2175"]
[BlackElo "1884"]

1. d4 Nf6 2. c4 e6 3. Nc3 c5 4. d5 d6 5. e4 exd5 6. cxd5 Be7 7. f4 Bg4 8. Qa4+
Qd7 9. Qc4 a6 10. h3 Bh5 11. g4 Bxg4 12. hxg4 b5 13. Qe2 Qxg4 14. e5 Qxe2+ 15.
Bxe2 dxe5 16. fxe5 Nfd7 17. Nf3 Nb6 18. d6 Bd8 19. Be3 N8d7 20. Ne4 Nd5 21. Bxc5
Nf4 22. Bd4 Ne6 23. Be3 Ba5+ 24. Kf2 Rc8 25. Rag1 h6 26. a4 Rc2 27. axb5 axb5
28. Ra1 Bd8 29. Rab1 b4 30. Rhc1 Rxc1 31. Rxc1 O-O 32. Bc4 Bb6 33. Bxb6 Nxb6 34.
Bxe6 1-0

[Event "AUTO-OPEN-3528"]
[Site "http://www.queenalice.com/game.php?id=1377997"]
[Date "2015.8.17"]
[Round "1"]
[White "erivaldoadao"]
[Black "patrclo"]
[Result "1-0"]
[WhiteElo "1889"]
[BlackElo "2193"]

1. d4 Nf6 2. Nf3 d5 3. c4 c6 4. Bg5 dxc4 5. Nc3 b5 6. Bxf6 exf6 7. e4 Bb7 8. Be2
Be7 9. O-O Nd7 10. a3 O-O 11. h3 a6 12. d5 Ne5 13. Nxe5 fxe5 14. dxc6 Bxc6 15.
Nd5 Bxd5 16. Qxd5 Qxd5 17. exd5 f5 18. Rad1 Rfd8 19. a4 Rab8 20. axb5 axb5 21.
b3 cxb3 22. Rb1 Rxd5 23. Rxb3 Kf8 24. Rc1 b4 25. Rc7 Rd4 26. g3 e4 27. Kg2 g5
28. f4 gxf4 29. gxf4 Bd6 30. Rxh7 Kg8 31. Ra7 Bxf4 32. Ra5 Rf8 33. Rc5 Bd6 34.
Rc6 f4 35. Bg4 Rd2+ 36. Kf1 Ra8 37. Be6+ 1-0

[Event "AUTO-OPEN-3528"]
[Site "http://www.queenalice.com/game.php?id=1377998"]
[Date "2015.8.17"]
[Round "1"]
[White "patrclo"]
[Black "erivaldoadao"]
[Result "1-0"]
[WhiteElo "2183"]
[BlackElo "1727"]

1. d4 d5 2. c4 c6 3. Nf3 Nf6 4. Nc3 Bf5 5. Qb3 b6 6. cxd5 Nxd5 7. Ne5 e6 8. g3
Bd6 9. Bg2 O-O 10. O-O Bxe5 11. dxe5 Nd7 12. e4 Nxc3 13. Qxc3 Bg6 14. Qxc6 Rc8
15. Qd6 Nc5 16. f3 Qxd6 17. exd6 Nd3 18. Rd1 Nb4 19. Bf4 Rfd8 20. Bf1 Rc2 21. a3
Nc6 22. Rac1 Rxc1 23. Rxc1 Nd4 24. Kf2 a5 25. Rc4 Nb3 26. Rc6 Nd4 27. Rxb6 h6
28. Bc4 Kh8 29. Ra6 f6 30. Be3 e5 31. Bxd4 exd4 32. Bb5 Rxd6 33. Rxd6 1-0

[Event "Let's Play Chess!"]
[Site "http://www.queenalice.com/game.php?id=1379351"]
[Date "2015.8.24"]
[Round "-"]
[White "patrclo"]
[Black "GiulioTorino"]
[Result "1-0"]
[WhiteElo "2064"]
[BlackElo "1909"]

1. e4 Nc6 2. d4 d5 3. exd5 Qxd5 4. Nf3 Bg4 5. Nc3 Bxf3 6. Nxd5 Bxd1 7. Nxc7+ Kd8
8. Nxa8 Bxc2 9. d5 Nd4 10. Be3 Nf5 11. Bxa7 e6 12. Bb6+ 1-0

[Event "AUTO-MASTER-2348"]
[Site "http://www.queenalice.com/game.php?id=1379357"]
[Date "2015.8.24"]
[Round "1"]
[White "mvson33"]
[Black "patrclo"]
[Result "1-0"]
[WhiteElo "1804"]
[BlackElo "2049"]

1. Nf3 Nf6 2. d4 e6 3. Bg5 d5 4. e3 Be7 5. c4 O-O 6. Nc3 b6 7. cxd5 exd5 8. Bd3
Bb7 9. Rc1 Nbd7 10. O-O c5 11. Bb1 a6 12. Qc2 Rc8 13. Ne5 g6 14. Nxd7 Qxd7 15.
Bh6 Rfe8 16. h3 c4 17. Qe2 b5 18. Qf3 b4 19. Ne2 Ne4 20. Bxe4 dxe4 21. Qf4 Qd5
22. Ng3 1-0

[Event "AUTO-MASTER-2348"]
[Site "http://www.queenalice.com/game.php?id=1379358"]
[Date "2015.8.24"]
[Round "1"]
[White "patrclo"]
[Black "mvson33"]
[Result "1-0"]
[WhiteElo "2227"]
[BlackElo "2022"]

1. e4 e5 2. f4 exf4 3. Nf3 d6 4. d4 Bg4 5. Bxf4 Nf6 6. Nc3 Nbd7 7. h3 Bh5 8. Bd3
Qe7 9. g4 Nxg4 10. hxg4 Bxg4 11. Nd5 Qd8 12. Ne3 Bxf3 13. Qxf3 c6 14. O-O-O Qa5
15. Kb1 O-O-O 16. Nf5 Qc7 17. Rdg1 g6 18. Nh6 Nb6 19. Bg5 Re8 20. Nxf7 Rg8 21.
Rxh7 Na4 22. Bc4 1-0

[Event "AUTO-MASTER-2348"]
[Site "http://www.queenalice.com/game.php?id=1379377"]
[Date "2015.8.24"]
[Round "1"]
[White "patrclo"]
[Black "erig1969"]
[Result "0-1"]
[WhiteElo "2071"]
[BlackElo "1921"]

1. e4 c5 2. Nf3 g6 3. c3 Bg7 4. d4 cxd4 5. cxd4 e6 6. Nc3 Nc6 7. d5 Ne5 8. Nxe5
Bxe5 9. f4 Bg7 10. Nb5 Qb6 0-1

[Event "Let's Play Chess!"]
[Site "http://www.queenalice.com/game.php?id=1379490"]
[Date "2015.8.25"]
[Round "-"]
[White "fortunato"]
[Black "patrclo"]
[Result "1-0"]
[WhiteElo "2258"]
[BlackElo "2219"]

1. e4 c5 2. Nf3 Nc6 3. d4 cxd4 4. Nxd4 g6 5. Bc4 Bg7 6. Nxc6 bxc6 7. Qf3 e6 8.
O-O d5 9. exd5 cxd5 10. Nc3 Nf6 11. Be3 O-O 12. Be2 Bb7 13. Bd4 Qe7 14. Qe3 1-0

[Event "Let's Play Chess!"]
[Site "http://www.queenalice.com/game.php?id=1379491"]
[Date "2015.8.25"]
[Round "-"]
[White "patrclo"]
[Black "fortunato"]
[Result "0-1"]
[WhiteElo "2237"]
[BlackElo "2246"]

1. e4 e5 2. Nf3 Nf6 3. Nc3 Nc6 4. Bc4 Bc5 5. d3 O-O 6. Bg5 h6 7. Bh4 d6 8. Nd5
g5 9. Nxg5 Nxd5 10. Qh5 hxg5 11. Bxg5 Nf4 12. Qh6 d5 13. Bxd8 Rxd8 0-1

[Event "Let's Play Chess!"]
[Site "http://www.queenalice.com/game.php?id=1379894"]
[Date "2015.8.27"]
[Round "-"]
[White "dnptrs"]
[Black "patrclo"]
[Result "0-1"]
[WhiteElo "2118"]
[BlackElo "2208"]

1. d4 Nf6 2. Nf3 e6 3. c4 Bb4+ 4. Nbd2 d5 5. e3 O-O 6. a3 Be7 7. Qc2 a5 8. Rb1
a4 9. Ne5 Nbd7 10. b4 axb3 11. Qxb3 Nxe5 12. dxe5 Nd7 13. cxd5 Nxe5 14. dxe6
Bxe6 15. Qxb7 Bxa3 16. Qe4 Qf6 17. Bxa3 Rxa3 18. Nf3 Bf5 0-1

[Event "Let's Play Chess!"]
[Site "http://www.queenalice.com/game.php?id=1379895"]
[Date "2015.8.27"]
[Round "-"]
[White "patrclo"]
[Black "dnptrs"]
[Result "1-0"]
[WhiteElo "2188"]
[BlackElo "2118"]

1. d4 Nf6 2. c4 e6 3. Nc3 d5 4. Nf3 Be7 5. Bf4 O-O 6. e3 c6 7. c5 Nh5 8. Bd3
Nxf4 9. exf4 Qc7 10. g3 a5 11. h4 f6 12. Qc2 f5 13. Na4 Bd7 14. Nb6 Ra7 15. Qe2
Rf6 16. Ng5 h6 17. Qh5 Be8 18. Qxe8+ 1-0

[Event "AUTO-MASTER-2352"]
[Site "http://www.queenalice.com/game.php?id=1380930"]
[Date "2015.9.2"]
[Round "1"]
[White "patrclo"]
[Black "leduar"]
[Result "0-1"]
[WhiteElo "2158"]
[BlackElo "2136"]

1. d4 f5 2. e4 fxe4 3. Nc3 Nf6 4. Bg5 c6 5. f3 h6 6. Bxf6 exf6 7. fxe4 g6 8. Bd3
Bb4 9. Ne2 d6 10. O-O Bg4 0-1

[Event "AUTO-MASTER-2352"]
[Site "http://www.queenalice.com/game.php?id=1380931"]
[Date "2015.9.2"]
[Round "1"]
[White "leduar"]
[Black "patrclo"]
[Result "1-0"]
[WhiteElo "2122"]
[BlackElo "2172"]

1. e4 c5 2. Nf3 Nc6 3. d4 cxd4 4. Nxd4 g6 5. Be3 Bg7 6. Nc3 d6 7. Bc4 Nf6 8. Qd2
O-O 9. h3 Bd7 10. O-O-O Rc8 11. Bb3 1-0